Teritoriálne spory ČĽR so štátmi juhovýchodnej Ázie bakalárska práca

Gespeichert in:
Bibliographische Detailangaben
1. Verfasser: Nguyen Thu, Phuong
Körperschaft: Fakulta medzinárodných vzťahov EU. Katedra medzinárodných politických vzťahov
Weitere Verfasser: Ondriaš, Juraj, 1988-
Format: Buch
Sprache:Slowakisch
Veröffentlicht: Bratislava 2016
Tags: Tag hinzufügen
Keine Tags, Fügen Sie das erste Tag hinzu!

MARC

LEADER 00000nbm a2200000 4500
001 0221491
005 20170131123851.9
041 0 |a slo 
044 |a SK 
245 1 0 |a Teritoriálne spory ČĽR so štátmi juhovýchodnej Ázie  |b bakalárska práca  |c Phuong Nguyen Thu ; školiteľ: Juraj Ondriaš 
264 1 |a Bratislava  |c 2016 
300 |a 54 s. 
100 1 |a Nguyen Thu, Phuong 
700 1 |a Ondriaš, Juraj, 1988- 
710 2 |a Fakulta medzinárodných vzťahov EU. Katedra medzinárodných politických vzťahov